<?xml version="1.0" encoding="UTF-8"?><?xml-stylesheet type="text/xsl" href="static/style.xsl"?><OAI-PMH xmlns="http://www.openarchives.org/OAI/2.0/" xmlns:xsi="http://www.w3.org/2001/XMLSchema-instance" xsi:schemaLocation="http://www.openarchives.org/OAI/2.0/ http://www.openarchives.org/OAI/2.0/OAI-PMH.xsd"><responseDate>2026-04-30T00:19:43Z</responseDate><request verb="GetRecord" identifier="oai:uvadoc.uva.es:10324/7174" metadataPrefix="marc">https://uvadoc.uva.es/oai/request</request><GetRecord><record><header><identifier>oai:uvadoc.uva.es:10324/7174</identifier><datestamp>2021-10-27T14:33:55Z</datestamp><setSpec>com_10324_38</setSpec><setSpec>col_10324_787</setSpec></header><metadata><record xmlns="http://www.loc.gov/MARC21/slim" xmlns:doc="http://www.lyncode.com/xoai" xmlns:xsi="http://www.w3.org/2001/XMLSchema-instance" xmlns:dcterms="http://purl.org/dc/terms/" xsi:schemaLocation="http://www.loc.gov/MARC21/slim http://www.loc.gov/standards/marcxml/schema/MARC21slim.xsd">
<leader>00925njm 22002777a 4500</leader>
<datafield tag="042" ind1=" " ind2=" ">
<subfield code="a">dc</subfield>
</datafield>
<datafield tag="720" ind1=" " ind2=" ">
<subfield code="a">Val Martín, María del</subfield>
<subfield code="e">author</subfield>
</datafield>
<datafield tag="260" ind1=" " ind2=" ">
<subfield code="c">2012</subfield>
</datafield>
<datafield tag="520" ind1=" " ind2=" ">
<subfield code="a">La prevalencia de discapacidad visual entre los usuarios de centros de carácter&#xd;
social para personas mayores es elevada.&#xd;
En el mundo1 hay aproximadamente 285 millones de personas con discapacidad&#xd;
visual, de las cuales 39 millones son ciegas y 246 millones presentan baja visión.&#xd;
Aproximadamente un 90% de la carga mundial de discapacidad visual se concentra en los&#xd;
países en desarrollo.&#xd;
En términos mundiales, los errores de refracción no corregidos constituyen la&#xd;
causa más importante de discapacidad visual, pero en los países de ingresos medios y&#xd;
bajos las cataratas siguen siendo la principal causa de ceguera.&#xd;
El número de personas con discapacidades visuales atribuibles a enfermedades&#xd;
infecciosas ha disminuido considerablemente en los últimos 20 años.&#xd;
El 80% del total mundial de casos de discapacidad visual se pueden evitar o curar.</subfield>
</datafield>
<datafield tag="024" ind2=" " ind1="8">
<subfield code="a">http://uvadoc.uva.es/handle/10324/7174</subfield>
</datafield>
<datafield ind1=" " ind2=" " tag="653">
<subfield code="a">Deficientes visuales</subfield>
</datafield>
<datafield tag="245" ind1="0" ind2="0">
<subfield code="a">Estudio de discapacidad visual e iluminación en centros de carácter social para personas mayores</subfield>
</datafield>
</record></metadata></record></GetRecord></OAI-PMH>